|
|
|
|
| LEADER |
00000cam a2200000 a 4500 |
| 001 |
vtls001220297 |
| 003 |
SK-MaSNL |
| 005 |
20260301234109.0 |
| 008 |
240226s1996 xo a br 000 p slo |
| 015 |
|
|
|a SNBA1996/1103114
|
| 020 |
|
|
|a 8085327163
|
| 035 |
|
|
|a SNK000164977
|
| 035 |
|
|
|a urn:nbn:sk:snk-amkfdj
|
| 035 |
|
|
|a urn:nbn:sk:snk-am003wlv
|
| 035 |
|
|
|a 4FB033D0-7EBF-4B76-9B07-A171C6964F6B
|
| 040 |
|
|
|a SNK
|b slo
|c SNK
|e AACR2
|
| 041 |
0 |
|
|a slo
|
| 044 |
|
|
|a xo
|c SK
|
| 080 |
|
|
|a 885.4-1(087.5)
|2 1981
|
| 100 |
1 |
|
|a Smrek, Ján,
|d 1898-1982
|4 aut
|9 106970
|
| 245 |
1 |
0 |
|a Maľovaná abeceda
|c Ján Smrek ; ilustrácie Martin Kellenberger
|
| 260 |
|
|
|a Bratislava
|b Belimex
|c 1996
|
| 300 |
|
|
|a [40] s.
|c 21 cm
|
| 655 |
|
7 |
|a slovenská poézia
|2 SNKPH
|9 70444
|
| 655 |
|
7 |
|a poézia pre deti
|2 SNKPH
|9 86748
|
| 655 |
|
7 |
|a rečňovanky
|2 SNKPH
|9 277107
|
| 700 |
1 |
|
|a Kellenberger, Martin,
|d 1957-
|4 ill
|9 90777
|
| 919 |
|
|
|a 80-85327-16-3
|
| 954 |
|
|
|a beletria pôvodná (slovenská)
|2 lita
|
| 958 |
|
|
|a TL
|
| 958 |
|
|
|a LX
|
| 958 |
|
|
|a DB
|
| 999 |
|
|
|c 968894
|d 970824
|
| 952 |
|
|
|t P60, <09>, [BOOK], {629}
|a SNK
|b SNK
|y NEVYP
|7 0
|o snkC 1625
|i snk3130/960913
|0 0
|1 0
|4 0
|d 1996-09-11
|l 0
|r 2005-01-01 00:00:00
|w 2026-02-24
|
| 952 |
|
|
|t P60, <03>, [BOOK], {603}
|a SNK
|b SNK
|y PREZ
|7 0
|p 17A0009541
|o snkSC 91236
|i snkKSP 7363/96
|0 0
|1 0
|4 0
|d 1996-09-11
|f 1
|l 0
|r 2025-09-10 00:00:00
|w 2026-02-24
|
| 952 |
|
|
|t P60, <05>, [BOOK], {605}
|a SNK
|b SNK
|y PREZ
|7 0
|p 17A0009540
|o snkSC 91236 D1
|i snkKSP 7364/96
|0 0
|1 0
|4 0
|d 1996-09-11
|l 0
|r 2005-01-01 00:00:00
|w 2026-02-24
|